[Event "Stay Safe Play From Home 411"]
[Site "Emanuel Lasker Arena"]
[Date "2020.08.26"]
[Round "2"]
[White "Hickey"]
[Black "TheCHESSHOUSE"]
[Result "1-0"]
[WhiteElo "2302"]
[BlackElo "2077"]
[PlyCount "59"]
[EventDate "2020.08.26"]
[EventType "swiss (blitz)"]

1. Nf3 {[%emt 0:00:01]} Nf6 {[%emt 0:00:01]} 2. g3 {[%emt 0:00:00]} g6 {[%emt 0:00:00]} 3. Bg2 {[%emt 0:00:00]} Bg7 {[%emt 0:00:00]} 4. O-O {[%emt 0:00:00]} O-O {[%emt 0:00:00]} 5. d4 {[%emt 0:00:00]} d6 {[%emt 0:00:00]} 6. c4 {[%emt 0:00:00]} c6 {[%emt 0:00:00]} 7. Nc3 {[%emt 0:00:01]} Nbd7 {[%emt 0:00:00]} 8. e4 {[%emt 0:00:00]} Qc7 {[%emt 0:00:02]} 9. h3 {[%emt 0:00:01]} e5 {[%emt 0:00:01]} 10. Be3 {[%emt 0:00:01]} Re8 {[%emt 0:00:02]} 11. d5 {[%emt 0:00:00]} a6 {[%emt 0:00:02]} 12. Rc1 {[%emt 0:00:01]} c5 {[%emt 0:00:01]} 13. Ne1 {[%emt 0:00:03]} Nb6 {[%emt 0:00:01]} 14. b3 {[%emt 0:00:01]} a5 {[%emt 0:00:01]} 15. a4 {[%emt 0:00:02]} Bd7 {[%emt 0:00:02]} 16. Nd3 {[%emt 0:00:01]} Nc8 {[%emt 0:00:02]} 17. Kh2 {[%emt 0:00:01]} Qd8 {[%emt 0:00:01]} 18. f4 {[%emt 0:00:01]} exf4 {[%emt 0:00:01]} 19. gxf4 {[%emt 0:00:00]} Nh5 {[%emt 0:00:02]} 20. Bd2 {[%emt 0:00:02]} Qh4 {[%emt 0:00:02]} 21. Qe1 {[%emt 0:00:02]} Qd8 {[%emt 0:00:02]} 22. Bf3 {[%emt 0:00:02]} Nf6 {[%emt 0:00:01]} 23. Qe2 {[%emt 0:00:04]} Ne7 {[%emt 0:00:01]} 24. Qg2 {[%emt 0:00:01]} Kh8 {[%emt 0:00:02]} 25. Rce1 {[%emt 0:00:00]} Neg8 {[%emt 0:00:01]} 26. e5 {[%emt 0:00:01]} dxe5 {[%emt 0:00:06]} 27. fxe5 {[%emt 0:00:00]} Nh5 {[%emt 0:00:02]} 28. Bxh5 {[%emt 0:00:01]} gxh5 {[%emt 0:00:00]} 29. Rg1 {[%emt 0:00:01]} Bh6 {[%emt 0:00:17]} 30. Bxh6 {[%emt 0:00:04] TheCHESSHOUSE resigns TheCHESSHOUSE resigns TheCHESSHOUSE resigns (Lag: Av=0.77s, max=1.5s) (Lag: Av=0.77s, max=1.5s) (Lag: Av=0.77s, max=1.5s)} 1-0

[Event "Stay Safe Play From Home 411"]
[Site "Emanuel Lasker Arena"]
[Date "2020.08.26"]
[Round "2"]
[White "Stefanone"]
[Black "Mepe_Nika"]
[Result "0-1"]
[WhiteElo "2091"]
[BlackElo "2386"]
[PlyCount "70"]
[EventDate "2020.08.26"]
[EventType "swiss (blitz)"]

1. d4 {[%emt 0:00:01]} d5 {[%emt 0:00:00]} 2. e3 {[%emt 0:00:00]} c6 {[%emt 0:00:01]} 3. f4 {[%emt 0:00:00]} Nf6 {[%emt 0:00:00]} 4. Nf3 {[%emt 0:00:00]} Bf5 {[%emt 0:00:00]} 5. Bd3 {[%emt 0:00:01]} e6 {[%emt 0:00:00]} 6. Bxf5 {[%emt 0:00:01]} exf5 {[%emt 0:00:00]} 7. Ne5 {[%emt 0:00:00]} Bd6 {[%emt 0:00:01]} 8. O-O {[%emt 0:00:01]} O-O {[%emt 0:00:00]} 9. Nd2 {[%emt 0:00:00]} Ne4 {[%emt 0:00:00]} 10. Nxe4 {[%emt 0:00:01]} fxe4 {[%emt 0:00:00]} 11. c4 {[%emt 0:00:01]} f6 {[%emt 0:00:01]} 12. Ng4 {[%emt 0:00:02]} Qd7 {[%emt 0:00:02]} 13. Nf2 {[%emt 0:00:01]} f5 {[%emt 0:00:03]} 14. c5 {[%emt 0:00:01]} Bc7 {[%emt 0:00:01]} 15. Kh1 {[%emt 0:00:01]} b6 {[%emt 0:00:02]} 16. cxb6 {[%emt 0:00:01]} axb6 {[%emt 0:00:01]} 17. Bd2 {[%emt 0:00:01]} c5 {[%emt 0:00:01]} 18. Bc3 {[%emt 0:00:02]} c4 {[%emt 0:00:01]} 19. g4 {[%emt 0:00:01]} Nc6 {[%emt 0:00:01]} 20. gxf5 {[%emt 0:00:01]} Rxf5 {[%emt 0:00:00]} 21. Ng4 {[%emt 0:00:01]} Raf8 {[%emt 0:00:02]} 22. Ne5 {[%emt 0:00:01]} Bxe5 {[%emt 0:00:01]} 23. dxe5 {[%emt 0:00:00]} Ne7 {[%emt 0:00:05]} 24. Rg1 {[%emt 0:00:01]} Kh8 {[%emt 0:00:01]} 25. e6 {[%emt 0:00:02]} Qxe6 {[%emt 0:00:02]} 26. Rxg7 {[%emt 0:00:01]} R5f6 {[%emt 0:00:02]} 27. Bxf6 {[%emt 0:00:03]} Qxf6 {[%emt 0:00:00]} 28. Rg2 {[%emt 0:00:02]} Rd8 {[%emt 0:00:03]} 29. Qd4 {[%emt 0:00:01]} Qxd4 {[%emt 0:00:01]} 30. exd4 {[%emt 0:00:00]} Nf5 {[%emt 0:00:00]} 31. Rg5 {[%emt 0:00:04]} Rf8 {[%emt 0:00:04]} 32. Rd1 {[%emt 0:00:02]} h6 {[%emt 0:00:01]} 33. Rg6 {[%emt 0:00:02]} Ne3 {[%emt 0:00:01]} 34. Rd2 {[%emt 0:00:02]} Rxf4 {[%emt 0:00:02]} 35. Rxh6+ {[%emt 0:00:01]} Kg7 {[%emt 0:00:01] Stefanone abbandona Stefanone abbandona Stefanone abbandona (Lag: Av=0.41s, max=1.2s) (Lag: Av=0.41s, max=1.2s) (Lag: Av=0.41s, max=1.2s)} 0-1

[Event "Stay Safe Play From Home 411"]
[Site "Emanuel Lasker Arena"]
[Date "2020.08.26"]
[Round "2"]
[White "Fat Kevin"]
[Black "IceQueen"]
[Result "0-1"]
[WhiteElo "2008"]
[BlackElo "2324"]
[PlyCount "82"]
[EventDate "2020.08.26"]
[EventType "swiss (blitz)"]

1. d4 {[%emt 0:00:01]} d6 {[%emt 0:00:00]} 2. c4 {[%emt 0:00:00]} Nf6 {[%emt 0:00:00]} 3. Nc3 {[%emt 0:00:00]} g6 {[%emt 0:00:00]} 4. e4 {[%emt 0:00:00]} Bg7 {[%emt 0:00:00]} 5. f4 {[%emt 0:00:01]} O-O {[%emt 0:00:02]} 6. e5 {[%emt 0:00:00]} Nfd7 {[%emt 0:00:01]} 7. Nf3 {[%emt 0:00:01]} c5 {[%emt 0:00:01]} 8. Be3 {[%emt 0:00:01]} cxd4 {[%emt 0:00:01]} 9. Bxd4 {[%emt 0:00:00]} Nc6 {[%emt 0:00:01]} 10. exd6 {[%emt 0:00:02]} Nxd4 {[%emt 0:00:01]} 11. Nxd4 {[%emt 0:00:00]} exd6 {[%emt 0:00:02]} 12. Ncb5 {[%emt 0:00:01]} Qb6 {[%emt 0:00:01]} 13. Nb3 {[%emt 0:00:04]} Re8+ {[%emt 0:00:03]} 14. Be2 {[%emt 0:00:02]} a6 {[%emt 0:00:04]} 15. Qxd6 {[%emt 0:00:05]} Qe3 {[%emt 0:00:02]} 16. N5d4 {[%emt 0:00:01]} a5 {[%emt 0:00:06]} 17. a4 {[%emt 0:00:08]} Ra6 {[%emt 0:00:02]} 18. Qd5 {[%emt 0:00:01]} Nb6 {[%emt 0:00:10]} 19. Qf3 {[%emt 0:00:02]} Bxd4 {[%emt 0:00:03]} 20. Nxd4 {[%emt 0:00:02]} Qxd4 {[%emt 0:00:00]} 21. Rd1 {[%emt 0:00:02]} Qxb2 {[%emt 0:00:02]} 22. Rd2 {[%emt 0:00:03]} Qb4 {[%emt 0:00:00]} 23. Kd1 {[%emt 0:00:03]} Bf5 {[%emt 0:00:01]} 24. Bd3 {[%emt 0:00:05]} Nxc4 {[%emt 0:00:02]} 25. Rc2 {[%emt 0:00:05]} Ne3+ {[%emt 0:00:01]} 26. Ke2 {[%emt 0:00:01]} Nxc2+ {[%emt 0:00:01]} 27. Kf2 {[%emt 0:00:01]} Qd4+ {[%emt 0:00:01]} 28. Kg3 {[%emt 0:00:02]} Bxd3 {[%emt 0:00:00]} 29. Rd1 {[%emt 0:00:01]} Re3 {[%emt 0:00:00]} 30. Rxd3 {[%emt 0:00:00]} Rxf3+ {[%emt 0:00:00]} 31. Rxf3 {[%emt 0:00:01]} Ne1 {[%emt 0:00:01]} 32. h4 {[%emt 0:00:00]} Nxf3 {[%emt 0:00:01]} 33. gxf3 {[%emt 0:00:00]} Qc3 {[%emt 0:00:00]} 34. h5 {[%emt 0:00:00]} Rf6 {[%emt 0:00:00]} 35. h6 {[%emt 0:00:00]} Qe3 {[%emt 0:00:01]} 36. f5 {[%emt 0:00:00]} Qg5+ {[%emt 0:00:01]} 37. Kh3 {[%emt 0:00:00]} Qxf5+ {[%emt 0:00:01]} 38. Kh2 {[%emt 0:00:01]} Qxf3 {[%emt 0:00:01]} 39. Kg1 {[%emt 0:00:00]} Re6 {[%emt 0:00:01]} 40. Kh2 {[%emt 0:00:01]} Re2+ {[%emt 0:00:00]} 41. Kg1 {[%emt 0:00:00]} Qg2# {[%emt 0:00:00] (Lag: Av=0.38s, max=0.6s) (Lag: Av=0.38s, max=0.6s) (Lag: Av=0.38s, max=0.6s)} 0-1

[Event "Stay Safe Play From Home 411"]
[Site "Emanuel Lasker Arena"]
[Date "2020.08.26"]
[Round "3"]
[White "IceQueen"]
[Black "Hickey"]
[Result "1-0"]
[WhiteElo "2329"]
[BlackElo "2309"]
[PlyCount "89"]
[EventDate "2020.08.26"]
[EventType "swiss (blitz)"]

1. e4 {[%emt 0:00:01]} c6 {[%emt 0:00:03]} 2. Nc3 {[%emt 0:00:01]} d5 {[%emt 0:00:00]} 3. d4 {[%emt 0:00:00]} dxe4 {[%emt 0:00:01]} 4. Nxe4 {[%emt 0:00:00]} Bf5 {[%emt 0:00:00]} 5. Ng3 {[%emt 0:00:00]} Bg6 {[%emt 0:00:00]} 6. h4 {[%emt 0:00:00]} h6 {[%emt 0:00:00]} 7. f4 {[%emt 0:00:00]} e6 {[%emt 0:00:02]} 8. Nf3 {[%emt 0:00:00]} Bd6 {[%emt 0:00:01]} 9. Ne5 {[%emt 0:00:01]} Ne7 {[%emt 0:00:01]} 10. Nxg6 {[%emt 0:00:04]} Nxg6 {[%emt 0:00:00]} 11. Nh5 {[%emt 0:00:02]} O-O {[%emt 0:00:02]} 12. g3 {[%emt 0:00:02]} Qa5+ {[%emt 0:00:02]} 13. c3 {[%emt 0:00:01]} Qd5 {[%emt 0:00:01]} 14. Rg1 {[%emt 0:00:01]} Qe4+ {[%emt 0:00:02]} 15. Be2 {[%emt 0:00:02]} Nd7 {[%emt 0:00:02]} 16. Qd3 {[%emt 0:00:01]} Qxd3 {[%emt 0:00:02]} 17. Bxd3 {[%emt 0:00:00]} Ne7 {[%emt 0:00:01]} 18. Bd2 {[%emt 0:00:01]} Nf5 {[%emt 0:00:01]} 19. g4 {[%emt 0:00:02]} Nxh4 {[%emt 0:00:02]} 20. Ke2 {[%emt 0:00:00]} Ng6 {[%emt 0:00:01]} 21. g5 {[%emt 0:00:01]} hxg5 {[%emt 0:00:03]} 22. Rxg5 {[%emt 0:00:00]} Nf6 {[%emt 0:00:03]} 23. Rag1 {[%emt 0:00:04]} Nxh5 {[%emt 0:00:01]} 24. Rxh5 {[%emt 0:00:00]} Ne7 {[%emt 0:00:01]} 25. Bh7+ {[%emt 0:00:02]} Kh8 {[%emt 0:00:02]} 26. Be4+ {[%emt 0:00:00]} Kg8 {[%emt 0:00:01]} 27. Rgh1 {[%emt 0:00:00]} f5 {[%emt 0:00:02]} 28. Bd3 {[%emt 0:00:02]} Kf7 {[%emt 0:00:01]} 29. Rg5 {[%emt 0:00:01]} Ng6 {[%emt 0:00:01]} 30. Rhg1 {[%emt 0:00:01]} Ne7 {[%emt 0:00:01]} 31. Rxg7+ {[%emt 0:00:01]} Ke8 {[%emt 0:00:00]} 32. Bc4 {[%emt 0:00:00]} Kd7 {[%emt 0:00:01]} 33. R1g6 {[%emt 0:00:02]} Kc7 {[%emt 0:00:06]} 34. Rxe6 {[%emt 0:00:01]} Rae8 {[%emt 0:00:01]} 35. Kf3 {[%emt 0:00:00]} b5 {[%emt 0:00:02]} 36. Bb3 {[%emt 0:00:01]} a5 {[%emt 0:00:00]} 37. a4 {[%emt 0:00:01]} bxa4 {[%emt 0:00:01]} 38. Bxa4 {[%emt 0:00:00]} Kb6 {[%emt 0:00:04]} 39. c4 {[%emt 0:00:01]} Bb4 {[%emt 0:00:03]} 40. c5+ {[%emt 0:00:00]} Kc7 {[%emt 0:00:02]} 41. Be3 {[%emt 0:00:01]} Kd8 {[%emt 0:00:01]} 42. Bxc6 {[%emt 0:00:03]} Nd5 {[%emt 0:00:00]} 43. Bxd5 {[%emt 0:00:01]} Rxe6 {[%emt 0:00:01]} 44. Bxe6 {[%emt 0:00:00]} Re8 {[%emt 0:00:00]} 45. Rd7+ {[%emt 0:00:01] Time Time Time (Lag: Av=0.64s, max=3.2s) (Lag: Av=0.64s, max=3.2s) (Lag: Av=0.64s, max=3.2s)} 1-0

[Event "Stay Safe Play From Home 411"]
[Site "Emanuel Lasker Arena"]
[Date "2020.08.26"]
[Round "3"]
[White "Nguyen Hong Anh"]
[Black "Lamborghini"]
[Result "0-1"]
[WhiteElo "2294"]
[BlackElo "2230"]
[PlyCount "60"]
[EventDate "2020.08.26"]
[EventType "swiss (blitz)"]

1. d4 {[%emt 0:00:02]} Nf6 {[%emt 0:00:01]} 2. c4 {[%emt 0:00:00]} g6 {[%emt 0:00:01]} 3. Nf3 {[%emt 0:00:01]} Bg7 {[%emt 0:00:00]} 4. g3 {[%emt 0:00:00]} O-O {[%emt 0:00:00]} 5. Bg2 {[%emt 0:00:00]} d6 {[%emt 0:00:00]} 6. O-O {[%emt 0:00:00]} c6 {[%emt 0:00:00]} 7. Nc3 {[%emt 0:00:01]} Qa5 {[%emt 0:00:01]} 8. e4 {[%emt 0:00:01]} Bg4 {[%emt 0:00:01]} 9. h3 {[%emt 0:00:01]} Bxf3 {[%emt 0:00:00]} 10. Bxf3 {[%emt 0:00:02]} Nfd7 {[%emt 0:00:00]} 11. Be3 {[%emt 0:00:01]} c5 {[%emt 0:00:00]} 12. dxc5 {[%emt 0:00:01]} Nxc5 {[%emt 0:00:02]} 13. Nd5 {[%emt 0:00:00]} Qd8 {[%emt 0:00:03]} 14. b4 {[%emt 0:00:01]} Ncd7 {[%emt 0:00:02]} 15. Rc1 {[%emt 0:00:01]} b6 {[%emt 0:00:01]} 16. c5 {[%emt 0:00:01]} bxc5 {[%emt 0:00:01]} 17. bxc5 {[%emt 0:00:01]} Nxc5 {[%emt 0:00:01]} 18. Bxc5 {[%emt 0:00:01]} dxc5 {[%emt 0:00:01]} 19. Rxc5 {[%emt 0:00:00]} e6 {[%emt 0:00:00]} 20. Nf4 {[%emt 0:00:01]} Nd7 {[%emt 0:00:01]} 21. Rc2 {[%emt 0:00:01]} Ne5 {[%emt 0:00:01]} 22. Qe2 {[%emt 0:00:02]} Qb6 {[%emt 0:00:07]} 23. Bg2 {[%emt 0:00:02]} Rad8 {[%emt 0:00:01]} 24. Rfc1 {[%emt 0:00:00]} h5 {[%emt 0:00:03]} 25. h4 {[%emt 0:00:02]} Bh6 {[%emt 0:00:01]} 26. Rb2 {[%emt 0:00:03]} Qa5 {[%emt 0:00:03]} 27. Rcb1 {[%emt 0:00:01]} Bxf4 {[%emt 0:00:03]} 28. gxf4 {[%emt 0:00:01]} Nd3 {[%emt 0:00:01]} 29. Rd2 {[%emt 0:00:02]} Nxf4 {[%emt 0:00:01]} 30. Qf3 {[%emt 0:00:01]} Qxd2 {[%emt 0:00:01] Nguyen Hong Anh resigns Nguyen Hong Anh resigns Nguyen Hong Anh resigns (Lag: Av=1.11s, max=4.5s) (Lag: Av=1.11s, max=4.5s) (Lag: Av=1.11s, max=4.5s)} 0-1

[Event "Stay Safe Play From Home 411"]
[Site "Emanuel Lasker Arena"]
[Date "2020.08.26"]
[Round "3"]
[White "TheCHESSHOUSE"]
[Black "Mepe_Nika"]
[Result "0-1"]
[WhiteElo "2070"]
[BlackElo "2391"]
[PlyCount "116"]
[EventDate "2020.08.26"]
[EventType "swiss (blitz)"]

1. d4 {[%emt 0:00:02]} d5 {[%emt 0:00:00]} 2. c4 {[%emt 0:00:01]} c6 {[%emt 0:00:01]} 3. cxd5 {[%emt 0:00:01]} cxd5 {[%emt 0:00:00]} 4. Nc3 {[%emt 0:00:00]} Nf6 {[%emt 0:00:00]} 5. Bf4 {[%emt 0:00:00]} Nc6 {[%emt 0:00:00]} 6. Rc1 {[%emt 0:00:00]} a6 {[%emt 0:00:00]} 7. Nf3 {[%emt 0:00:00]} Bf5 {[%emt 0:00:00]} 8. e3 {[%emt 0:00:00]} Rc8 {[%emt 0:00:00]} 9. Be2 {[%emt 0:00:00]} e6 {[%emt 0:00:00]} 10. O-O {[%emt 0:00:00]} Bd6 {[%emt 0:00:00]} 11. Bxd6 {[%emt 0:00:01]} Qxd6 {[%emt 0:00:00]} 12. Na4 {[%emt 0:00:00]} O-O {[%emt 0:00:01]} 13. Nc5 {[%emt 0:00:01]} Rc7 {[%emt 0:00:00]} 14. h3 {[%emt 0:00:01]} Ne4 {[%emt 0:00:02]} 15. a3 {[%emt 0:00:02]} Nxc5 {[%emt 0:00:02]} 16. Rxc5 {[%emt 0:00:00]} Rfc8 {[%emt 0:00:02]} 17. b4 {[%emt 0:00:01]} b6 {[%emt 0:00:03]} 18. Rc1 {[%emt 0:00:02]} b5 {[%emt 0:00:01]} 19. Rc5 {[%emt 0:00:01]} Ne7 {[%emt 0:00:05]} 20. Qd2 {[%emt 0:00:01]} f6 {[%emt 0:00:01]} 21. Rfc1 {[%emt 0:00:02]} Rxc5 {[%emt 0:00:01]} 22. dxc5 {[%emt 0:00:03]} Qc6 {[%emt 0:00:01]} 23. Nd4 {[%emt 0:00:01]} Qd7 {[%emt 0:00:02]} 24. Nxf5 {[%emt 0:00:01]} Nxf5 {[%emt 0:00:01]} 25. Bd3 {[%emt 0:00:01]} Ne7 {[%emt 0:00:01]} 26. Qc2 {[%emt 0:00:00]} h6 {[%emt 0:00:01]} 27. Qb3 {[%emt 0:00:04]} Kf7 {[%emt 0:00:02]} 28. g3 {[%emt 0:00:04]} Nc6 {[%emt 0:00:00]} 29. Kg2 {[%emt 0:00:02]} Ne5 {[%emt 0:00:01]} 30. Be2 {[%emt 0:00:00]} Nc4 {[%emt 0:00:01]} 31. Rd1 {[%emt 0:00:01]} Qc6 {[%emt 0:00:01]} 32. Bf3 {[%emt 0:00:01]} Rd8 {[%emt 0:00:01]} 33. e4 {[%emt 0:00:01]} Kf8 {[%emt 0:00:09]} 34. exd5 {[%emt 0:00:01]} exd5 {[%emt 0:00:00]} 35. Qc2 {[%emt 0:00:01]} Ne5 {[%emt 0:00:01]} 36. Rd4 {[%emt 0:00:05]} Qe6 {[%emt 0:00:02]} 37. Be2 {[%emt 0:00:03]} Nc6 {[%emt 0:00:02]} 38. Rf4 {[%emt 0:00:02]} d4 {[%emt 0:00:02]} 39. Bd3 {[%emt 0:00:01]} Qd5+ {[%emt 0:00:01]} 40. Kh2 {[%emt 0:00:01]} Ne5 {[%emt 0:00:01]} 41. Be4 {[%emt 0:00:01]} Qc4 {[%emt 0:00:00]} 42. Qb1 {[%emt 0:00:01]} d3 {[%emt 0:00:01]} 43. Bg2 {[%emt 0:00:01]} Qc3 {[%emt 0:00:01]} 44. Qa2 {[%emt 0:00:01]} Qc2 {[%emt 0:00:02]} 45. Qe6 {[%emt 0:00:00]} d2 {[%emt 0:00:02]} 46. Rxf6+ {[%emt 0:00:01]} gxf6 {[%emt 0:00:00]} 47. Qxf6+ {[%emt 0:00:00]} Nf7 {[%emt 0:00:00]} 48. Qxd8+ {[%emt 0:00:00]} Nxd8 {[%emt 0:00:01]} 49. c6 {[%emt 0:00:00]} d1=Q {[%emt 0:00:00]} 50. c7 {[%emt 0:00:00]} Qxc7 {[%emt 0:00:00]} 51. h4 {[%emt 0:00:00]} Qcd6 {[%emt 0:00:00]} 52. Kh3 {[%emt 0:00:00]} Qe5 {[%emt 0:00:00]} 53. Bf3 {[%emt 0:00:00]} Qee1 {[%emt 0:00:00]} 54. Bxd1 {[%emt 0:00:00]} Qf1+ {[%emt 0:00:00]} 55. Kg4 {[%emt 0:00:00]} Qxf2 {[%emt 0:00:00]} 56. Bf3 {[%emt 0:00:00]} Qe3 {[%emt 0:00:00]} 57. Be4 {[%emt 0:00:01]} Qd4 {[%emt 0:00:00]} 58. Kh5 {[%emt 0:00:01]} Qxe4 {[%emt 0:00:00]} 0-1

[Event "Stay Safe Play From Home 411"]
[Site "Emanuel Lasker Arena"]
[Date "2020.08.26"]
[Round "3"]
[White "Mamba2001de"]
[Black "Fat Kevin"]
[Result "0-1"]
[WhiteElo "1460"]
[BlackElo "2003"]
[Annotator "NA"]
[PlyCount "78"]
[EventDate "2020.08.26"]
[EventType "swiss (blitz)"]

1. e4 {[%emt 0:00:01]} c5 {[%emt 0:00:00]} 2. Nf3 {[%emt 0:00:01]} Nf6 {[%emt 0:00:00]} 3. c3 {[%emt 0:00:00]} Nxe4 {[%emt 0:00:01]} 4. d3 {[%emt 0:00:01]} Nf6 {[%emt 0:00:01]} 5. Be2 {[%emt 0:00:01]} d5 {[%emt 0:00:00]} 6. O-O {[%emt 0:00:01]} Nc6 {[%emt 0:00:00]} 7. h3 {[%emt 0:00:01]} e5 {[%emt 0:00:00]} 8. Bg5 {[%emt 0:00:01]} Bd6 {[%emt 0:00:00]} 9. Nbd2 {[%emt 0:00:02]} O-O {[%emt 0:00:01]} 10. a3 {[%emt 0:00:02]} h6 {[%emt 0:00:01]} 11. Bh4 {[%emt 0:00:02]} g5 {[%emt 0:00:01]} 12. Bg3 {[%emt 0:00:01]} e4 {[%emt 0:00:03]} 13. Bxd6 {[%emt 0:00:01]} exf3 {[%emt 0:00:01]} 14. Bxf8 {[%emt 0:00:02]} fxe2 {[%emt 0:00:00]} 15. Qxe2 {[%emt 0:00:01]} Qxf8 {[%emt 0:00:01]} 16. Nf3 {[%emt 0:00:01]} Bf5 {[%emt 0:00:01]} 17. Rfe1 {[%emt 0:00:02]} Re8 {[%emt 0:00:01]} 18. Qd2 {[%emt 0:00:01]} Rxe1+ {[%emt 0:00:02]} 19. Rxe1 {[%emt 0:00:01]} Qd6 {[%emt 0:00:03]} 20. d4 {[%emt 0:00:02]} cxd4 {[%emt 0:00:04]} 21. cxd4 {[%emt 0:00:02]} Be4 {[%emt 0:00:01]} 22. Ne5 {[%emt 0:00:02]} Nd7 {[%emt 0:00:06]} 23. f3 {[%emt 0:00:02]} Bf5 {[%emt 0:00:02]} 24. Ng4 {[%emt 0:00:02]} Bxg4 {[%emt 0:00:05]} 25. fxg4 {[%emt 0:00:01]} Kg7 {[%emt 0:00:03]} 26. Qe3 {[%emt 0:00:02]} Qf6 {[%emt 0:00:02]} 27. Rf1 {[%emt 0:00:04]} Qxd4 {[%emt 0:00:01]} 28. Qxd4+ {[%emt 0:00:01]} Nxd4 {[%emt 0:00:00]} 29. Rd1 {[%emt 0:00:01]} Ne2+ {[%emt 0:00:01]} 30. Kh2 {[%emt 0:00:03]} Nf4 {[%emt 0:00:00]} 31. g3 {[%emt 0:00:02]} Ne6 {[%emt 0:00:01]} 32. Rxd5 {[%emt 0:00:01]} Nb6 {[%emt 0:00:00]} 33. Rd6 {[%emt 0:00:02]} Kf6 {[%emt 0:00:00]} 34. Rd2 {[%emt 0:00:02]} Ke5 {[%emt 0:00:01]} 35. Rf2 {[%emt 0:00:01]} f6 {[%emt 0:00:03]} 36. h4 {[%emt 0:00:03]} Nc4 {[%emt 0:00:01]} 37. hxg5 {[%emt 0:00:02]} fxg5 {[%emt 0:00:02]} 38. b4 {[%emt 0:00:02]} Nxa3 {[%emt 0:00:01]} 39. Ra2 {[%emt 0:00:01]} Nc4 {[%emt 0:00:00] Zeit Zeit Zeit (Lag: Av=0.48s, max=4.0s) (Lag: Av=0.48s, max=4.0s) (Lag: Av=0.48s, max=4.0s)} 0-1

[Event "Stay Safe Play From Home 411"]
[Site "Emanuel Lasker Arena"]
[Date "2020.08.26"]
[Round "3"]
[White "KING o KONG"]
[Black "Stefanone"]
[Result "0-1"]
[WhiteElo "961"]
[BlackElo "2086"]
[PlyCount "62"]
[EventDate "2020.08.26"]
[EventType "swiss (blitz)"]

1. d3 {[%emt 0:00:03]} d5 {[%emt 0:00:01]} 2. e3 {[%emt 0:00:01]} c6 {[%emt 0:00:00]} 3. Bd2 {[%emt 0:00:01]} e6 {[%emt 0:00:00]} 4. Be2 {[%emt 0:00:01]} f5 {[%emt 0:00:01]} 5. Nh3 {[%emt 0:00:01]} Nf6 {[%emt 0:00:01]} 6. Ng5 {[%emt 0:00:01]} Bd6 {[%emt 0:00:01]} 7. Nf7 {[%emt 0:00:01]} Kxf7 {[%emt 0:00:01]} 8. Bh5+ {[%emt 0:00:02]} g6 {[%emt 0:00:02]} 9. Bxg6+ {[%emt 0:00:02]} hxg6 {[%emt 0:00:01]} 10. h3 {[%emt 0:00:03]} Qe7 {[%emt 0:00:01]} 11. Qe2 {[%emt 0:00:01]} Nbd7 {[%emt 0:00:01]} 12. Nc3 {[%emt 0:00:01]} e5 {[%emt 0:00:00]} 13. O-O-O {[%emt 0:00:04]} e4 {[%emt 0:00:00]} 14. d4 {[%emt 0:00:02]} Nb6 {[%emt 0:00:03]} 15. Rdg1 {[%emt 0:00:02]} Nc4 {[%emt 0:00:01]} 16. Kb1 {[%emt 0:00:04]} Be6 {[%emt 0:00:02]} 17. b3 {[%emt 0:00:01]} Nxd2+ {[%emt 0:00:01]} 18. Qxd2 {[%emt 0:00:01]} Rag8 {[%emt 0:00:00]} 19. g4 {[%emt 0:00:01]} fxg4 {[%emt 0:00:01]} 20. hxg4 {[%emt 0:00:02]} Rxh1 {[%emt 0:00:01]} 21. Rxh1 {[%emt 0:00:01]} Bxg4 {[%emt 0:00:01]} 22. Rh4 {[%emt 0:00:03]} Bf5 {[%emt 0:00:02]} 23. Qe1 {[%emt 0:00:02]} Rg7 {[%emt 0:00:01]} 24. Qf1 {[%emt 0:00:01]} Ng4 {[%emt 0:00:01]} 25. f3 {[%emt 0:00:01]} Qxh4 {[%emt 0:00:01]} 26. fxg4 {[%emt 0:00:02]} Qxg4 {[%emt 0:00:01]} 27. Ne2 {[%emt 0:00:02]} Qf3 {[%emt 0:00:01]} 28. Qe1 {[%emt 0:00:05]} g5 {[%emt 0:00:01]} 29. Ng3 {[%emt 0:00:03]} Bxg3 {[%emt 0:00:01]} 30. Qb4 {[%emt 0:00:02]} Qf1+ {[%emt 0:00:03]} 31. Kb2 {[%emt 0:00:02]} Qb5 {[%emt 0:00:00] TimeW TimeW TimeW} 0-1

[Event "Stay Safe Play From Home 411"]
[Site "Emanuel Lasker Arena"]
[Date "2020.08.26"]
[Round "4"]
[White "Tran Minh Thang"]
[Black "Nguyen Hong Anh"]
[Result "1-0"]
[WhiteElo "2409"]
[BlackElo "2274"]
[PlyCount "93"]
[EventDate "2020.08.26"]
[EventType "swiss (blitz)"]

1. Nf3 {[%emt 0:00:01]} c5 {[%emt 0:00:01]} 2. e3 {[%emt 0:00:01]} Nc6 {[%emt 0:00:00]} 3. b3 {[%emt 0:00:00]} Nf6 {[%emt 0:00:02]} 4. Bb2 {[%emt 0:00:00]} g6 {[%emt 0:00:01]} 5. Bxf6 {[%emt 0:00:01]} exf6 {[%emt 0:00:01]} 6. c4 {[%emt 0:00:00]} Bg7 {[%emt 0:00:03]} 7. Nc3 {[%emt 0:00:00]} O-O {[%emt 0:00:01]} 8. Be2 {[%emt 0:00:02]} d6 {[%emt 0:00:02]} 9. O-O {[%emt 0:00:01]} f5 {[%emt 0:00:01]} 10. Rc1 {[%emt 0:00:01]} Rb8 {[%emt 0:00:01]} 11. Nd5 {[%emt 0:00:01]} Ne5 {[%emt 0:00:01]} 12. d4 {[%emt 0:00:03]} cxd4 {[%emt 0:00:02]} 13. Nxd4 {[%emt 0:00:01]} Be6 {[%emt 0:00:03]} 14. Nf4 {[%emt 0:00:03]} Bd7 {[%emt 0:00:01]} 15. Qd2 {[%emt 0:00:03]} Nc6 {[%emt 0:00:01]} 16. Nb5 {[%emt 0:00:02]} a6 {[%emt 0:00:02]} 17. Nxd6 {[%emt 0:00:01]} Qe7 {[%emt 0:00:01]} 18. Rfd1 {[%emt 0:00:02]} Rfd8 {[%emt 0:00:01]} 19. c5 {[%emt 0:00:01]} Ne5 {[%emt 0:00:01]} 20. Nd5 {[%emt 0:00:01]} Qh4 {[%emt 0:00:02]} 21. f4 {[%emt 0:00:08]} Ng4 {[%emt 0:00:02]} 22. h3 {[%emt 0:00:02]} Nf6 {[%emt 0:00:01]} 23. Bf3 {[%emt 0:00:04]} Be6 {[%emt 0:00:03]} 24. Nc7 {[%emt 0:00:03]} Bd7 {[%emt 0:00:02]} 25. Nxb7 {[%emt 0:00:02]} Rxb7 {[%emt 0:00:04]} 26. Bxb7 {[%emt 0:00:00]} Qg3 {[%emt 0:00:01]} 27. Bf3 {[%emt 0:00:02]} Rc8 {[%emt 0:00:02]} 28. c6 {[%emt 0:00:02]} Ne4 {[%emt 0:00:01]} 29. Bxe4 {[%emt 0:00:03]} Be8 {[%emt 0:00:02]} 30. Nxe8 {[%emt 0:00:01]} Rxe8 {[%emt 0:00:01]} 31. c7 {[%emt 0:00:02]} fxe4 {[%emt 0:00:02]} 32. c8=Q {[%emt 0:00:01]} Rxc8 {[%emt 0:00:00]} 33. Rxc8+ {[%emt 0:00:00]} Bf8 {[%emt 0:00:00]} 34. Rxf8+ {[%emt 0:00:01]} Kxf8 {[%emt 0:00:01]} 35. Qd8+ {[%emt 0:00:00]} Kg7 {[%emt 0:00:00]} 36. Qd4+ {[%emt 0:00:00]} Kh6 {[%emt 0:00:01]} 37. Qxe4 {[%emt 0:00:00]} Qh4 {[%emt 0:00:01]} 38. Rd5 {[%emt 0:00:01]} Qf6 {[%emt 0:00:01]} 39. Qf3 {[%emt 0:00:01]} Qc6 {[%emt 0:00:01]} 40. e4 {[%emt 0:00:00]} Qc1+ {[%emt 0:00:01]} 41. Kh2 {[%emt 0:00:00]} Qc2 {[%emt 0:00:00]} 42. Qg3 {[%emt 0:00:00]} Qxa2 {[%emt 0:00:02]} 43. Qg5+ {[%emt 0:00:01]} Kg7 {[%emt 0:00:00]} 44. e5 {[%emt 0:00:00]} Qxb3 {[%emt 0:00:02]} 45. Rd8 {[%emt 0:00:01]} h6 {[%emt 0:00:01]} 46. Qf6+ {[%emt 0:00:01]} Kh7 {[%emt 0:00:00]} 47. Rh8# {[%emt 0:00:00] (Lag: Av=1.33s, max=2.4s) (Lag: Av=1.33s, max=2.4s) (Lag: Av=1.33s, max=2.4s)} 1-0